000
00334pab a2200145 454500
008
180718b2015 xxu||||| |||| 00| 0 eng d
100
_a
Ravish Kumar
245
_a
Absent Dalit: the Indian newsroom
260
_c
2015
300
_a
p.74-77.
362
_a
Aug
650
_a
Backward classes
773
_a
Seminar
909
_a
108904
999
_c
108899
_d
108899